Physiological hygiene /

Bibliographic Details
Main Author: Hickman, Cleveland P. (Cleveland Pendleton), 1896-1978
Format: Book
Language:English
Published: New York : Prentice Hall, inc., 1942.
Edition:Rev. ed.
Series:Prentice-Hall books on health and sports.
Subjects:

MARC

Tag First Indicator Second Indicator Subfields
LEADER 00000cam a2200000 4500
001 in00000026248
005 20151214141039.0
008 750819s1942 nyua b 00010 eng u
010 |a  42018444  
035 |a (OCoLC)01558452 
035 |9 AAD1442AM 
040 |c FQG  |d TXA  |d UtOrBLW 
049 |a TXAM  |c [124925] 
050 0 |a RA418  |b .H46 1942 
082 0 |a 613 
092 |a 613  |b H628p, 1942 
100 1 |a Hickman, Cleveland P.  |q (Cleveland Pendleton),  |d 1896-1978. 
245 1 0 |a Physiological hygiene /  |c by Cleveland Pendleton Hickman ... 
250 |a Rev. ed. 
264 1 |a New York :  |b Prentice Hall, inc.,  |c 1942. 
300 |a xxi, 482 pages including illustrations, tables, diagrams ;  |c 24 cm. 
336 |a text  |b txt  |2 rdacontent 
337 |a unmediated  |b n  |2 rdamedia 
338 |a volume  |b nc  |2 rdacarrier 
490 1 |a Prentice-Hall books on health and sports 
504 |a "References" at end of each chapter except one. 
650 0 |a Hygiene. 
650 0 |a Physiology. 
830 0 |a Prentice-Hall books on health and sports. 
999 |a MARS 
999 f f |s f5656481-79c6-3187-a984-3b6dfdf348d0  |i 424b8a4f-708a-347f-82d0-4344178c271b  |t 0 
952 f f |p ric  |a Texas A&M University  |b Rellis Campus  |c Joint Library Facility  |d Remote Storage  |t 0  |e RA418 .H46 1942  |h Library of Congress classification  |i unmediated -- volume  |m A14801028359 
998 f f |a RA418 .H46 1942  |t 0  |l Remote Storage